01211nam a2200241Ia 4500001001100000003001000011008004100021040002500062041001300087100002500100245002400125250001100149260006700160300002700227500017800254501011400432520017800546650002800724942000700752957000600759999004200765952016200807L242-13978IT-CnALBA170116s9999||||xx |||||||||||||| ||und|| aIT-CnALBAcIT-CnALBA aITALIANO aLIPPERT PETER, CSSR. 0aASCESE ALL'ETERNO.  a1a ed. aCINISELLO BALSAMO (MI)bEDIZIONI PAOLINEc1956 [1° Ed.: n.d.] a236 p. (prefazione: 7) aTRADUZIONE DAL TEDESCO DI M. BASILE. LAVORO E COLLABORAZIONE. SCIENZA E VITA. DOGMA E VITA. EROI DELL'AMORE. TRAGICITA' DEI SANTI. MATTUTINO DI DOLORE. COMUNIONE DEI SANTI.  aSocietà San Paolo EM - Piazza San Paolo, 14 - 12051 ALBA (CN) (non commercial uses only) ® Copyright 2017 aTRADUZIONE DAL TEDESCO DI M. BASILE. LAVORO E COLLABORAZIONE. SCIENZA E VITA. DOGMA E VITA. EROI DELL'AMORE. TRAGICITA' DEI SANTI. MATTUTINO DI DOLORE. COMUNIONE DEI SANTI.  aMEDITAZIONI E PREGHIERA cBK 71 a18730bNOg Copie: 1 c273153d273153 0010406L_2421397871aALBAbALBAd2017-01-16l0oL242-13978r2017-01-16 00:00:00w2017-01-16yBKz(data import: 16 gennaio 2017) - By Epidotti, Vaglietti.